000 00288nam a2200121 a 4500
008 100910s1986|||| d
245 1 0 _aZákon mužov
100 1 _aDruon, Maurice
260 _bSlovenský spisovateľ
_aBratislava
_c1986
020 _c21
044 _axo
_cSK
041 _aslo
999 _c10268
_d10268